|
|
|
|
| LEADER |
00000nam a22000007a 4500 |
| 005 |
20161209224138.0 |
| 007 |
cr|||| |||| |
| 008 |
161209s2016 es |||||s|||| 00||0 spa d |
| 020 |
|
|
|a 978-84-9085-875-2
|
| 035 |
|
|
|a 14614
|
| 040 |
|
|
|a vLex
|
| 090 |
|
|
|c 6467
|d 6467
|
| 100 |
1 |
|
|a De Toms̀ Morales, Susana
|
| 245 |
1 |
0 |
|a Zonas protegidas y operaciones de mantenimiento de la paz
|h [Recurso electrn̤ico] /
|c Susana De Toms̀ Morales
|
| 256 |
|
|
|a Servicio en ln̕ea
|
| 260 |
|
|
|a Madrid:
|b Dykinson,
|c 2016
|
| 300 |
|
|
|a 1 recurso electrn̤ico
|
| 500 |
|
|
|a Lecciones identificadas y lecciones aprendidas en conmemoracin̤ del 20ð aniversario de la masacre de Srebrenica.
|
| 506 |
1 |
|
|a Disponible solo en los productos indicados
|d vLex Global
|d vLex Global (Academic Edition, excluding Law Schools)
|d vLex Global (U.S. Academic Edition, Law Schools)
|d vLex Global (U.S. Academic Edition, excluding Law Schools)
|d vLex Global (Academic Edition, Law Schools)
|
| 650 |
0 |
4 |
|a Derecho Internacional
|z Espaą
|
| 740 |
0 |
|
|a vLex Libros (Servicio en ln̕ea)
|
| 856 |
4 |
0 |
|u http://vlex.com/source/zonas-protegidas-operaciones-mantenimiento-paz-14614
|z Acceso restringido
|
| 942 |
|
|
|c BOOK
|
| 999 |
0 |
|
|a International Law
|